Место габброидов в формировании пестрых габбро-плагиогранитных комплексов; Известия Томского политехнического института [Известия ТПИ]; Т. 289 : Геология и разведка рудных и нерудных полезных ископаемых
| Parent link: | Известия Томского политехнического института [Известия ТПИ]/ Томский политехнический институт (ТПИ).— , 1944-1976 Т. 289 : Геология и разведка рудных и нерудных полезных ископаемых.— 1976.— [С. 34-36] |
|---|---|
| Hlavní autor: | |
| Shrnutí: | Заглавие с титульного листа Электронная версия печатной публикации В статье доказывается сингенетичность габброидов и пранитоидов, тесно связанных в едином магматическом очаге. Допускается факелообразное строение последнего. Габбровая магма рождается в апикальной части этого очага. Кристаллиация габброидов происходит при более высокой температуре, чем гранитоидов, поэтому проявляется раньше последних. |
| Jazyk: | ruština |
| Vydáno: |
1976
|
| Témata: | |
| On-line přístup: | Черно-белая версия для предварительного просмотра Цветная версия без потери качества |
| Médium: | MixedMaterials Elektronický zdroj Kapitola |
| KOHA link: | https://koha.lib.tpu.ru/cgi-bin/koha/opac-detail.pl?biblionumber=239500 |
MARC
| LEADER | 00000nla2a2200000 4500 | ||
|---|---|---|---|
| 001 | 239500 | ||
| 005 | 20231031205458.0 | ||
| 035 | |a (RuTPU)RU\TPU\book\260719 | ||
| 035 | |a RU\TPU\book\260715 | ||
| 090 | |a 239500 | ||
| 100 | |a 20130610d1976 k y0rusy50 ca | ||
| 101 | 0 | |a rus | |
| 102 | |a RU | ||
| 135 | |a drnn ---uucaa | ||
| 181 | 0 | |a i | |
| 182 | 0 | |a b | |
| 200 | 1 | |a Место габброидов в формировании пестрых габбро-плагиогранитных комплексов |b Электронный ресурс |f С. С. Ильенок | |
| 203 | |a Текст |c электронный | ||
| 215 | |a 2 файла (164 Кб, 3.3 Мб) | ||
| 230 | |a Электронные текстовые данные (2 файла : 164 Кб, 3.3 Мб) | ||
| 300 | |a Заглавие с титульного листа | ||
| 300 | |a Электронная версия печатной публикации | ||
| 320 | |a [Библиогр.: с. 36 (3 назв.)] | ||
| 330 | |a В статье доказывается сингенетичность габброидов и пранитоидов, тесно связанных в едином магматическом очаге. Допускается факелообразное строение последнего. Габбровая магма рождается в апикальной части этого очага. Кристаллиация габброидов происходит при более высокой температуре, чем гранитоидов, поэтому проявляется раньше последних. | ||
| 337 | |a Adobe Reader | ||
| 461 | 1 | |0 (RuTPU)RU\TPU\book\200995 |t Известия Томского политехнического института [Известия ТПИ] |f Томский политехнический институт (ТПИ) |d 1944-1976 | |
| 463 | 1 | |0 (RuTPU)RU\TPU\book\260702 |t Т. 289 : Геология и разведка рудных и нерудных полезных ископаемых |v [С. 34-36] |d 1976 |p 115 с. | |
| 610 | 1 | |a электронный ресурс | |
| 610 | 1 | |a труды учёных ТПУ | |
| 675 | |a 551.21 |v 3 | ||
| 700 | 1 | |a Ильенок |b С. С. |c российский геолог |c профессор Томского политехнического института |f 1912-1983 |g Сергей Сергеевич |2 stltpush |3 (RuTPU)RU\TPU\pers\13902 | |
| 801 | 1 | |a RU |b 63413507 |c 20090320 |g PSBO | |
| 801 | 2 | |a RU |b 63413507 |c 20130617 |g PSBO | |
| 856 | 4 | |u http://www.lib.tpu.ru/fulltext/v/Bulletin_TPU/1976/v289/07_bw.pdf |z Черно-белая версия для предварительного просмотра | |
| 856 | 4 | |u http://www.lib.tpu.ru/fulltext/v/Bulletin_TPU/1976/v289/07_full.pdf |z Цветная версия без потери качества | |
| 942 | |c CF | ||